书目信息 |
| 题名: |
剑桥雅思考前冲刺
|
|
| 作者: | 杰克曼 , 麦克道尔 , 杰克曼 编著 | |
| 分册: | 学术卷 | |
| 出版信息: | 北京 外语教学与研究出版社 2008.03 |
|
| 页数: | 123页 | |
| 开本: | 28cm | |
| 丛书名: | ||
| 单 册: | ||
| 中图分类: | H310.41 | |
| 科图分类: | ||
| 主题词: | 英语 , 英语--高等教育--自学参考资料 | |
| 电子资源: | ||
| ISBN: | 978-7-5600-6550-2 | |
| 000 | 01166nam0 2200325 450 | |
| 001 | 297586 | |
| 005 | 20110901145644.64 | |
| 010 | @a978-7-5600-6550-2@dCNY27.90 (含光盘) | |
| 100 | @a20081226d2008 em y0chiy50 ea | |
| 101 | 0 | @achi@aeng |
| 102 | @aCN@b110000 | |
| 105 | @aa z 000yy | |
| 106 | @ar | |
| 200 | 1 | @a剑桥雅思考前冲刺@Ajian qiao ya si kao qian chong ci@i学术卷@f(英)杰克曼编著@F(ying)jie ke man bian zhu |
| 210 | @a北京@c外语教学与研究出版社@d2008.03 | |
| 215 | @a123页@c图@d28cm@e光盘1片 | |
| 300 | @a剑桥雅思考前冲刺系列 外研社·剑桥雅思考试培训教程 | |
| 304 | @a英文共同题名:Action plan for IELTS | |
| 305 | @a与剑桥大学出版社共同拥有版权 | |
| 307 | @a附光盘 ISRC CN-A16-07-0166-0 | |
| 330 | @a本书涵盖所有任务类型的试题范例、测试指南和专项练习,提供全部答案、写作范文以及听力和口语录音文本。 | |
| 586 | @a | |
| 606 | 0 | @a英语 |
| 606 | 0 | @a英语@x高等教育@j自学参考资料 |
| 690 | @aH310.41@v5 | |
| 701 | 0 | @c(英)@a杰克曼@Ajie ke man@c(Jakeman, Vanessa)@4编著 |
| 701 | 0 | @c(英)@a麦克道尔@Amai ke dao er@c(McDowell, Clare)@4编著 |
| 701 | 0 | @a杰克曼@Ajie ke man@4编著 |
| 801 | 0 | @aCN@c20110610 |
| 905 | @dH310.41@eJ7023 | |
| 剑桥雅思考前冲刺.学术卷/(英)杰克曼编著.-北京:外语教学与研究出版社,2008.03 |
| 123页:图;28cm+光盘1片 |
| 剑桥雅思考前冲刺系列 外研社·剑桥雅思考试培训教程 |
| ISBN 978-7-5600-6550-2:CNY27.90 (含光盘) |
| 本书涵盖所有任务类型的试题范例、测试指南和专项练习,提供全部答案、写作范文以及听力和口语录音文本。 |
| ● |
| 相关链接 |
|
|
|
正题名:剑桥雅思考前冲刺
索取号:H310.41/J7023
 
预约/预借
| 序号 | 登录号 | 条形码 | 馆藏地/架位号 | 状态 | 备注 |
| 1 | 1015684 | 210156846 | 语言库209/209语言库 95排1列5层/ [索取号:H310.41/J7023] | 在馆 | |
| 2 | 1015685 | 210156855 | 语言库209/209语言库 95排1列5层/ [索取号:H310.41/J7023] | 在馆 | |
| 3 | 1015686 | 210156864 | 语言库209/209语言库 95排1列5层/ [索取号:H310.41/J7023] | 在馆 |